Labour and Labour Forces under the Conditions of Scientific-Technical Progress

Enregistré dans:
Détails bibliographiques
Format: Livre
Langue:allemand
Publié: Berlin University of Economic Scientific "Bruno Leuschner" 1987
Édition:1. Aufl.
Tags: Ajouter un tag
Pas de tags, Soyez le premier à ajouter un tag!

MARC

LEADER 00000nam a2200000 4500
001 c039054
005 20221219111123.6
041 0 |a ger 
044 |a DE 
245 1 0 |a Labour and Labour Forces under the Conditions of Scientific-Technical Progress 
250 |a 1. Aufl. 
264 1 |a Berlin  |b University of Economic Scientific "Bruno Leuschner"  |c 1987 
300 |a 154 s.